| 000 | 00548nam a22001817a 4500 | ||
|---|---|---|---|
| 005 | 20170817151423.0 | ||
| 010 | _aENG-119791 | ||
| 020 |
_a9788184720204 _c240.00 |
||
| 035 | _aEN-103323 | ||
| 037 | _bDBAD/PUB | ||
| 082 | _a519.2 | ||
| 100 | _aNamachivayam, T. | ||
| 245 |
_aProbability and statistics / _cby T. Namachivayam |
||
| 260 |
_aKumbakonam(Chennai) _bAnuradha Publications _c2008 |
||
| 270 |
_aVidayal Karuppur _bKumbakonam(Chennai) _e612605 |
||
| 300 |
_avarious paging _c28cm(pbk) |
||
| 942 |
_2ddc _cEN _h519.2 _mNAM |
||
| 999 |
_c143496 _d143496 |
||